Rôzne scenáre vývoja emonomiky SR v pokrízovom období

Cyklický vývoj ekonomiky SR a možné scenáre vývoja v pokrízovom období. Výpočet cyklickej zložky a trendovej zložky HDP s využitím HP-filtra. Možný vývoj ekonomiky SR a porovnávanie s vývojom v EÚ. Stratégia Európa 2020.

Saved in:
Bibliographic Details
Main Author: Lábaj, Martin, 1982-
Format: Book Chapter
Language:Slovak
Subjects:
Tags: Add Tag
No Tags, Be the first to tag this record!

MARC

LEADER 00000nla$a2200000$$$4500
001 0125739
005 20240614124400.2
041 0 |a slo 
044 |a SK 
245 1 0 |a Rôzne scenáre vývoja emonomiky SR v pokrízovom období  |c Martin Lábaj 
520 |a Cyklický vývoj ekonomiky SR a možné scenáre vývoja v pokrízovom období. Výpočet cyklickej zložky a trendovej zložky HDP s využitím HP-filtra. Možný vývoj ekonomiky SR a porovnávanie s vývojom v EÚ. Stratégia Európa 2020. 
610 2 0 |a Slovensko 
610 2 0 |a cykly hospodárske 
610 2 0 |a politika hospodárska 
610 2 0 |a situácia hospodárska 
610 2 0 |a vývoj hospodársky 
610 2 0 |a rast hospodársky 
610 2 0 |a stratégia hospodárska 
610 2 0 |a makroekonomika 
610 2 0 |a produkt domáci hrubý 
100 1 |a Lábaj, Martin, 1982-